Catálogo de las exposiciones de arte en 1951 : suplemento del número 20 de los Anales del Instituto de Investigaciones Estéticas /

Suplemento del número 20 de los Anales del Instituto de Investigaciones Estéticas, publicación periódica y órgano de dicha instancia de la UNAM. El suplemento consiste en un catálogo cronológico de las exposiciones de arte montadas a lo largo de 1951, particularmente en la ciudad de México, aunque t...

Бүрэн тодорхойлолт

-д хадгалсан:
Номзүйн дэлгэрэнгүй
Үндсэн зохиолч: Fernández, Justino (autor)
Формат: Ном
Хэл сонгох:испани
Цуврал:(Anales del Instituto de Investigaciones Estéticas. Suplemento ; 20)
Нөхцлүүд:
Шошгууд: Шошго нэмэх
Шошго байхгүй, Энэхүү баримтыг шошголох эхний хүн болох!

MARC

LEADER 00000nam^a2200000^a^4500
001 000111553
005 20250521000000.0
009 20260310093836.924
037 |a Acervo ITESO - Biblioteca 
041 |a ESP 
082 |a 700. 5  |b ANA V. 20 T. 2 
100 |a Fernández, Justino  |e (autor) 
240 1 1 |a [Anales del Instituto de Investigaciones Estéticas] 
240 1 1 |a [Catálogo de las exposiciones de arte] 
245 1 0 |a Catálogo de las exposiciones de arte en 1951 :  |b suplemento del número 20 de los Anales del Instituto de Investigaciones Estéticas /  |c J. Fernández. 
264 |a México :  |b UNAM, Instituto de Investigaciones Estéticas,  |c 1952 
300 |a 55 p. 
336 |a texto  |b txt  |2 rdacontenido 
337 |a sin mediación  |b n  |2 rdamedio 
338 |a volumen  |b nc  |2 rdasoporte 
440 1 |a (Anales del Instituto de Investigaciones Estéticas.  |p Suplemento ;  |v 20) 
520 |a Suplemento del número 20 de los Anales del Instituto de Investigaciones Estéticas, publicación periódica y órgano de dicha instancia de la UNAM. El suplemento consiste en un catálogo cronológico de las exposiciones de arte montadas a lo largo de 1951, particularmente en la ciudad de México, aunque también ofrece datos sobre la participación de artistas mexicanos en exhibiciones en el extranjero. Cada registro es acompañado de los textos impresos en los catálogos de las exposiciones individuales. 
649 |a XX 
650 |a Arte -  |x Publicaciones Periódicas Mexicanas 
650 |a Arte -  |z México (Ciudad) -  |x Exposiciones 
650 |a Arte Mexicano -  |x Exposiciones -  |y 1950-1959 
650 |a Arte Mexicano -  |x Catálogos 
910 |a Fondo Salvador Reynoso Reynoso 
920 |a Impresos - Libros 
930 |a Fondos Especiales 
905 |a 112 
901 |a 0800001045  |b IT2  |c ESP  |u 20250521 
902 |a https://opac.biblio.iteso.mx/vufind/Record/000111553